| 000 | 00544nam a2200193 4500 | ||
|---|---|---|---|
| 003 | Ost | ||
| 005 | 20260530113922.0 | ||
| 008 | 260521b |||||||| |||| 00| 0 spa d | ||
| 040 |
_aICI _bspa _cICI _erda |
||
| 050 |
_aF1234 _b.U75 |
||
| 100 | 1 |
_aUribe, Eloisa _eautor _9915 |
|
| 245 |
_aEcos y reflejos: _bEl siglo de la Independencia |
||
| 264 |
_aMéxico _bAmigos de las Artes de México _c1992 |
||
| 300 | _a16 páginas | ||
| 336 |
_2rdacontent _atexto |
||
| 337 |
_2rdamedia _asin medio |
||
| 338 |
_2rdacarrier _avolumen |
||
| 942 |
_2lcc _n1 _cBK |
||
| 999 |
_c12504 _d12504 |
||